000 01195cam a2200289 4500
001 ABS63557
008 000000n2001 000 0 eng u
035 _a(Sirsi) u111100
100 _aThornton, A.
245 _aAdjudication on trial
260 _c2001
490 _aBuilding
_v266(8168) 9 February 2001, 58-59(2)
520 _aConsiders how the Human Rights Act 1998 (HRA 98) will affect construction adjudication. In particular looks at the requirements of Article 6 of the European Convention of Human Rights. Concludes that adjudication will continue alongside HRA 98.
590 _aABS
650 _aHUMAN RIGHTS ACT 1998
650 _aCAMPBELL AND FELL V UNITED KINGDOM
650 _aMANAGEMENT-DISPUTE AVOIDANCE, MANAGEMENT AND RESOLUTION-DISPUTE MANAGEMENT AND RESOLUTION-ALTERNATIVE DISPUTE RESOLUTION-ADJUDICATION-ADJUDICATORS
650 _aMEDIATION
650 _aCOMPLIANCE
650 _aCONSTRUCTION DISPUTES
650 _aCONVENTION FOR THE PROTECTION OF HUMAN RIGHTS AND FUNDAMENTAL FREEDOMS ART 6
650 _aFAIR HEARING
650 _aSCHEME FOR CONSTRUCTION CONTRACTS
650 _aIMPARTIALITY
690 _aDispute resolution
_96236
942 _n0
999 _c66189
_d66189